[Event "13th Capablanca Memorial"]
[Site "Cienfuegos CUB"]
[Date "1976.05.17"]
[Round "1"]
[White "Rodriguez Cespedes, Amador"]
[Black "Bellon Lopez, Juan Manuel"]
[Result "1/2-1/2"]
[WhiteElo "2405"]
[BlackElo "2475"]
[EventDate "1976.05.17"]
[PlyCount "68"]

1.e4 c5 2.Nf3 g6 3.d4 cxd4 4.Qxd4 f6 5.c4 Nc6 6.Qd1 d6 7.Nc3 Nh6 8.Be2 Nf7
9.O-O Bg7 10.Be3 O-O 11.Qd2 b6 12.Nd4 Nxd4 13.Bxd4 e6 14.Rad1 Bb7 15.f4 
Qe7 16.b3 Rad8 17.Bd3 Bh6 18.Qf2 e5 19.Be3 exf4 20.Bxf4 Bxf4 21.Qxf4 Kg7 
22.Kh1 Qe5 23.Qd2 Nh6 24.h3 Rde8 25.Bc2 Nf7 26.Rfe1 Ng5 27.Nb5 Bxe4 28.
Bxe4 Nxe4 29.Rxe4 Qxe4 30.Nxd6 Qe7 31.Nxe8+ Rxe8 32.Qd7 Kh6 33.Qxe7 Rxe7 
34.Rd2 f5 1/2-1/2

[Event "13th Capablanca Memorial"]
[Site "Cienfuegos CUB"]
[Date "1976.05.17"]
[Round "1"]
[White "Vogt, Lothar"]
[Black "Lebredo Zarragoitia, Gerardo"]
[Result "0-1"]
[WhiteElo "2480"]
[BlackElo "2355"]
[EventDate "1976.05.17"]
[PlyCount "70"]

1.e4 e6 2.d4 d5 3.Nd2 c5 4.exd5 exd5 5.Ngf3 c4 6.b3 cxb3 7.axb3 Bb4 8.Bb2 
Nc6 9.Bd3 Nge7 10.O-O O-O 11.Ne5 Nxe5 12.dxe5 Re8 13.Nf3 Nc6 14.h3 a6 15.
Qc1 h6 16.Rd1 Be6 17.Be4 Qb6 18.Bxd5 Bc5 19.Bxe6 Bxf2+ 20.Kh1 Rxe6 21.Qf4 
Be3 22.Qe4 Rae8 23.Rd7 R8e7 24.Rad1 Bf2 25.Qg4 g6 26.R7d5 Re8 27.R5d3 Qb4 
28.c4 b5 29.R1d2 bxc4 30.bxc4 Ba7 31.Qf4 Qf8 32.Ba3 Bc5 33.Bxc5 Qxc5 34.
Qxh6 Nxe5 35.Rd5 Nxf3 0-1

[Event "13th Capablanca Memorial"]
[Site "Cienfuegos CUB"]
[Date "1976.05.17"]
[Round "1"]
[White "Peev, Peicho"]
[Black "Gulko, Boris"]
[Result "0-1"]
[WhiteElo "2430"]
[BlackElo "2530"]
[EventDate "1976.05.17"]
[PlyCount "58"]

1.d4 e6 2.Nf3 c5 3.c4 cxd4 4.Qxd4 Nc6 5.Qf4 d5 6.cxd5 exd5 7.e3 Bd6 8.Qa4 
Nf6 9.Be2 O-O 10.O-O a6 11.Nc3 b5 12.Qh4 b4 13.Na4 Re8 14.Bd3 Be7 15.Nd4 
Bd7 16.Nf5 Ne5 17.Qg3 Bf8 18.b3 g6 19.Bb1 Ne4 20.Bxe4 dxe4 21.Nd4 Rc8 22.
f4 Nd3 23.Nb2 Bg7 24.Nxd3 exd3 25.Bb2 Bb5 26.Rad1 Rc3 27.a4 Rxe3 28.Nf3 
Bc6 29.Qf2 Bxf3 0-1

[Event "13th Capablanca Memorial"]
[Site "Cienfuegos CUB"]
[Date "1976.05.18"]
[Round "2"]
[White "Lebredo Zarragoitia, Gerardo"]
[Black "Hedman Senarega, Jose Antonio"]
[Result "1/2-1/2"]
[WhiteElo "2355"]
[BlackElo "2375"]
[EventDate "1976.05.17"]
[PlyCount "123"]

1.Nf3 Nf6 2.b3 d6 3.Bb2 e5 4.c4 Bg4 5.d3 Nc6 6.e3 g6 7.Be2 Bg7 8.O-O O-O 
9.a3 a5 10.Qc2 Re8 11.Nbd2 Bf5 12.Ne4 Qe7 13.Nfd2 Nd8 14.b4 c6 15.Bf3 Bxe4
16.Nxe4 Nxe4 17.dxe4 b6 18.Bc3 Nb7 19.Rfb1 Qc7 20.Qb2 Reb8 21.Be2 Nd8 22.
Qd2 Nb7 23.Ra2 c5 24.bxa5 Nxa5 25.Bxa5 Rxa5 26.a4 Bf6 27.Bd1 Ra6 28.Rab2 
Rba8 29.Qd5 Bd8 30.Bc2 R8a7 31.Rb5 Qe7 32.Rd1 Rd7 33.Qc6 Raa7 34.Rb2 Qe6 
35.Bb3 Rac7 36.Qb5 Rb7 37.Bc2 Kf8 38.Rd5 Qe8 39.Qb3 Ke7 40.Qd3 Bc7 41.a5 
Qb8 42.Ba4 Rd8 43.a6 Ra7 44.Bb5 Qc8 45.f4 Kf8 46.fxe5 dxe5 47.Rd2 Rxd5 48.
Qxd5 Kg7 49.Ra2 Bb8 50.Bc6 Re7 51.h3 Rc7 52.Bb7 Qe8 53.Rd2 b5 54.cxb5 Ba7 
55.Bc6 Qe6 56.Kf2 Qf6+ 57.Ke2 Qg5 58.Kd1 Bb6 59.g3 Qxe3 60.Qxe5+ f6 61.Qe6
Ba5 62.Rd7+ 1/2-1/2

[Event "13th Capablanca Memorial"]
[Site "Cienfuegos CUB"]
[Date "1976.05.18"]
[Round "2"]
[White "Honfi, Karoly"]
[Black "Kozma, Julius"]
[Result "1-0"]
[WhiteElo "2460"]
[BlackElo "2375"]
[EventDate "1976.05.17"]
[PlyCount "73"]

1.e4 c6 2.c4 d5 3.exd5 cxd5 4.cxd5 Nf6 5.Nc3 Nxd5 6.Nf3 Nc6 7.Bb5 e6 8.O-O
Be7 9.d4 O-O 10.Qe2 a6 11.Bc4 Nxc3 12.bxc3 Qc7 13.Bd3 b5 14.Rd1 Bb7 15.a4 
b4 16.c4 Bf6 17.Bb2 Rfe8 18.Qe3 Rad8 19.Rac1 Ne7 20.Bb1 Nf5 21.Bxf5 exf5 
22.Qb3 Be4 23.Qxb4 Bxf3 24.gxf3 Qf4 25.Qc3 Re2 26.Rc2 Be5 27.Kf1 Rxc2 28.
Qxc2 Qxf3 29.Qd3 Qh1+ 30.Ke2 Qxh2 31.Qxf5 Bf4 32.d5 Re8+ 33.Kf3 Bg3 34.Bd4
Bb8 35.Re1 Rd8 36.Bxg7 Qh4 37.Bf6 1-0

[Event "13th Capablanca Memorial"]
[Site "Cienfuegos CUB"]
[Date "1976.05.19"]
[Round "3"]
[White "Rodriguez Cespedes, Amador"]
[Black "Honfi, Karoly"]
[Result "1/2-1/2"]
[WhiteElo "2405"]
[BlackElo "2460"]
[EventDate "1976.05.17"]
[PlyCount "161"]

1.e4 e5 2.Nf3 Nc6 3.Bb5 g6 4.c3 d6 5.O-O Bg7 6.d4 Bd7 7.d5 Nb8 8.Bxd7+ 
Nxd7 9.c4 Ne7 10.Nc3 O-O 11.Bd2 h6 12.Ne1 f5 13.Nd3 Nf6 14.exf5 gxf5 15.f4
e4 16.Nf2 c6 17.Be3 c5 18.h3 a6 19.a4 Ng6 20.Qe2 Qe8 21.g3 Kh7 22.Kh2 Rg8 
23.Rg1 Qf7 24.Raf1 Nd7 25.Nfd1 Bd4 26.Rg2 Rg7 27.Qd2 Rag8 28.Rgg1 Bf6 29.
Bf2 Ne7 30.Qe2 Kh8 31.Be3 Rg6 32.Rg2 Qg7 33.Rfg1 Bd4 34.g4 Nf6 35.Nf2 Bxc3
36.bxc3 Nh7 37.Bd2 Qf6 38.gxf5 Rxg2+ 39.Rxg2 Rxg2+ 40.Kxg2 Nxf5 41.Nxe4 
Qg6+ 42.Qg4 Nh4+ 43.Kf2 Qxe4 44.Qxh4 Kg7 45.Qg4+ Kf6 46.Qd7 Qe7 47.Qxe7+ 
Kxe7 48.Kf3 Nf6 49.Be1 Nd7 50.Bh4+ Ke8 51.Kg4 Nb6 52.Kh5 Kf7 53.Bd8 Nxc4 
54.a5 Ne3 55.Bc7 Ke7 56.c4 Nxc4 57.f5 Kf6 58.h4 Kxf5 59.Kxh6 Ne3 60.Bxd6 
c4 61.Ba3 Nxd5 62.Kg7 Kg4 63.Kf7 c3 64.Kg6 Kxh4 65.Kf5 c2 66.Ke4 Nb4 67.
Kd4 Nc6+ 68.Kc3 Nxa5 69.Kxc2 Kg4 70.Kc3 Kf5 71.Kd4 b6 72.Kd5 b5 73.Bb4 Nc4
74.Be1 Kf4 75.Kc6 Ke3 76.Kb7 a5 77.Ka6 b4 78.Kb5 Nd2 79.Bh4 Ne4 80.Kc4 Kd2
81.Be7 1/2-1/2

[Event "13th Capablanca Memorial"]
[Site "Cienfuegos CUB"]
[Date "1976.05.19"]
[Round "3"]
[White "Hedman Senarega, Jose Antonio"]
[Black "Razuvaev, Yury"]
[Result "0-1"]
[WhiteElo "2375"]
[BlackElo "2495"]
[EventDate "1976.05.17"]
[PlyCount "42"]

1.e4 e5 2.Nf3 Nc6 3.d4 exd4 4.Nxd4 Bc5 5.Nb3 Bb6 6.a4 a6 7.Nc3 d6 8.Nd5 
Ba7 9.Be2 Nf6 10.Nxf6+ Qxf6 11.O-O O-O 12.Kh1 Re8 13.Bd3 Ne5 14.f3 Be6 15.
Re1 d5 16.Nd2 Qh4 17.Nf1 Nxd3 18.cxd3 dxe4 19.g3 Qh3 20.dxe4 Bf2 21.Re2 
Bb3 0-1

[Event "13th Capablanca Memorial"]
[Site "Cienfuegos CUB"]
[Date "1976.05.20"]
[Round "4"]
[White "Lebredo Zarragoitia, Gerardo"]
[Black "Gulko, Boris"]
[Result "0-1"]
[WhiteElo "2355"]
[BlackElo "2530"]
[EventDate "1976.05.17"]
[PlyCount "60"]

1.Nf3 g6 2.g3 Bg7 3.Bg2 e5 4.d3 Ne7 5.c4 c6 6.Nc3 d5 7.cxd5 cxd5 8.Bd2 O-O
9.O-O Nbc6 10.Rc1 h6 11.Na4 b6 12.b4 a6 13.e4 Be6 14.a3 Ra7 15.exd5 Bxd5 
16.Be3 Rb7 17.Nc3 Be6 18.Qa4 Ra7 19.Nd2 Nd4 20.Bxd4 Qxd4 21.Nf3 Qd7 22.
Qxd7 Rxd7 23.Rfe1 Rxd3 24.Na4 Rb8 25.Re3 e4 26.Ne1 Rxe3 27.fxe3 Bd7 28.Rc7
Bxa4 29.Rxe7 Bc3 30.Kf2 Rd8 0-1

[Event "13th Capablanca Memorial"]
[Site "Cienfuegos CUB"]
[Date "1976.05.20"]
[Round "4"]
[White "Razuvaev, Yury"]
[Black "Peev, Peicho"]
[Result "1/2-1/2"]
[WhiteElo "2495"]
[BlackElo "2430"]
[EventDate "1976.05.17"]
[PlyCount "47"]

1.d4 Nf6 2.c4 c5 3.Nf3 cxd4 4.Nxd4 e6 5.g3 a6 6.Bg2 Qc7 7.Nd2 Nc6 8.Nxc6 
dxc6 9.O-O Be7 10.Nf3 e5 11.Qc2 O-O 12.b3 Re8 13.Bb2 Bc5 14.Bc3 Bg4 15.b4 
Bf8 16.h3 Bxf3 17.Bxf3 c5 18.b5 axb5 19.cxb5 e4 20.Bg2 Nd5 21.Bd2 Qe5 22.
Qb3 Qd4 23.Be3 Qe5 24.Bd2 1/2-1/2

[Event "13th Capablanca Memorial"]
[Site "Cienfuegos CUB"]
[Date "1976.05.20"]
[Round "4"]
[White "Sznapik, Aleksander"]
[Black "Vogt, Lothar"]
[Result "1/2-1/2"]
[WhiteElo "2390"]
[BlackElo "2480"]
[EventDate "1976.05.17"]
[PlyCount "81"]

1.e4 c5 2.Nf3 e6 3.d4 cxd4 4.Nxd4 Nf6 5.Nc3 d6 6.Be2 Be7 7.O-O O-O 8.f4 
Nc6 9.Be3 e5 10.Nb3 exf4 11.Rxf4 Be6 12.Nd4 Nxd4 13.Bxd4 Nd7 14.Kh1 Bg5 
15.Rf1 Ne5 16.Qe1 a6 17.Rd1 Qe7 18.a4 Rac8 19.Qg3 Rfe8 20.Bd3 Bh4 21.Qf4 
Qg5 22.g3 Qxf4 23.gxf4 Nxd3 24.cxd3 f5 25.Kg2 b5 26.axb5 axb5 27.Rc1 fxe4 
28.Nxe4 Be7 29.Kf3 h5 30.Rxc8 Rxc8 31.Rg1 Bg4+ 32.Kg3 Rc2 33.Ra1 Rc7 34.
Ra6 Bc8 35.Rb6 Rb7 36.Rc6 Bf5 37.h4 d5 38.Ng5 Bxg5 39.fxg5 Kf7 40.Rd6 Bxd3
41.Rxd5 1/2-1/2

[Event "13th Capablanca Memorial"]
[Site "Cienfuegos CUB"]
[Date "1976.05.20"]
[Round "4"]
[White "Sigurjonsson, Gudmundur"]
[Black "Garcia Gonzales, Guillermo"]
[Result "1-0"]
[WhiteElo "2530"]
[BlackElo "2475"]
[EventDate "1976.05.17"]
[PlyCount "68"]

1.e4 e6 2.d4 d5 3.Nd2 Nf6 4.e5 Nfd7 5.c3 c5 6.Bd3 Nc6 7.Ngf3 f6 8.exf6 
Qxf6 9.O-O Bd6 10.Re1 cxd4 11.cxd4 h6 12.Qe2 Kf7 13.Nf1 Nf8 14.Ne5+ Kg8 
15.Qe3 Bc7 16.Bd2 Bb6 17.Qg3 Bxd4 18.Ng4 Qf7 19.Nxh6+ Rxh6 20.Bxh6 e5 21.
Be3 Bxb2 22.Rab1 Ba3 23.Nd2 e4 24.Be2 Be7 25.Bg4 Bf6 26.Nb3 Be5 27.Qh3 
Bxg4 28.Qxg4 Rd8 29.Red1 Rd6 30.f4 Bf6 31.Nc5 Nd8 32.Nxe4 Ra6 33.Nxf6+ 
Qxf6 34.Rxd5 Nde6 1-0

[Event "13th Capablanca Memorial"]
[Site "Cienfuegos CUB"]
[Date "1976.05.21"]
[Round "5"]
[White "Vogt, Lothar"]
[Black "Bellon Lopez, Juan Manuel"]
[Result "1-0"]
[WhiteElo "2480"]
[BlackElo "2475"]
[EventDate "1976.05.17"]
[PlyCount "77"]

1.e4 c5 2.Nf3 g6 3.d4 cxd4 4.Qxd4 f6 5.c4 Nc6 6.Qd1 d6 7.Be2 Nh6 8.O-O Nf7
9.Nc3 Bg7 10.Be3 b6 11.Rc1 O-O 12.a3 e6 13.b4 Qe7 14.Qb3 Rb8 15.Rfd1 Rd8 
16.Nb5 Bb7 17.c5 bxc5 18.bxc5 Ba8 19.Qa4 d5 20.exd5 Rxd5 21.Rxd5 exd5 22.
Nfd4 f5 23.Nxc6 Bxc6 24.Qxa7 Rb7 25.Qa6 Nd8 26.Nd4 Bxd4 27.Bxd4 Ra7 28.Bf6
Qd7 29.Qb6 Ne6 30.Ba6 Qc7 31.Be5 Qxe5 32.Qxa7 Qb2 33.Re1 Qxa3 34.Qb8+ Nf8 
35.Qb6 Qc3 36.Rf1 Ba8 37.Qb8 Bc6 38.Qd6 Ba8 39.Rb1 1-0

[Event "13th Capablanca Memorial"]
[Site "Cienfuegos CUB"]
[Date "1976.05.21"]
[Round "5"]
[White "Hedman Senarega, Jose Antonio"]
[Black "Sznapik, Aleksander"]
[Result "0-1"]
[WhiteElo "2375"]
[BlackElo "2390"]
[EventDate "1976.05.17"]
[PlyCount "70"]

1.Nf3 g6 2.g3 Bg7 3.Bg2 c5 4.c4 Nc6 5.Nc3 e6 6.O-O Nge7 7.d3 O-O 8.Bf4 d6 
9.Rb1 h6 10.a3 a5 11.Bd2 Kh7 12.e3 e5 13.Ne1 Rb8 14.Nc2 Be6 15.Qe2 d5 16.
Rfd1 d4 17.Nb5 Bxc4 18.Ncxd4 Nxd4 19.Nxd4 Ba6 20.Nb3 Bxd3 21.Qe1 Bxb1 22.
Bxa5 Qe8 23.Rxb1 Qb5 24.Nc1 b6 25.Bc3 Rfd8 26.Bf1 Qc6 27.Nd3 Qe6 28.b3 Rd7
29.Nb2 e4 30.Bc4 Qf5 31.Nd1 Rbd8 32.Bxg7 Kxg7 33.Nc3 g5 34.h3 Ng6 35.Be2 
Ne5 0-1

[Event "13th Capablanca Memorial"]
[Site "Cienfuegos CUB"]
[Date "1976.05.21"]
[Round "5"]
[White "Gulko, Boris"]
[Black "Razuvaev, Yury"]
[Result "1/2-1/2"]
[WhiteElo "2530"]
[BlackElo "2495"]
[EventDate "1976.05.17"]
[PlyCount "34"]

1.c4 e6 2.d4 Bb4+ 3.Nc3 Nf6 4.e3 O-O 5.Ne2 d5 6.a3 Be7 7.Ng3 c5 8.dxc5 
Bxc5 9.b4 Be7 10.Bb2 dxc4 11.Qc2 b5 12.Nxb5 a5 13.Bxc4 axb4 14.O-O bxa3 
15.Bxa3 Bxa3 16.Rxa3 Rxa3 17.Nxa3 Ba6 1/2-1/2

[Event "13th Capablanca Memorial"]
[Site "Cienfuegos CUB"]
[Date "1976.05.22"]
[Round "6"]
[White "Sznapik, Aleksander"]
[Black "Peev, Peicho"]
[Result "1-0"]
[WhiteElo "2390"]
[BlackElo "2430"]
[EventDate "1976.05.17"]
[PlyCount "85"]

1.c4 e5 2.Nc3 Nf6 3.Nf3 Nc6 4.g3 Bb4 5.Bg2 O-O 6.O-O e4 7.Ne1 Bxc3 8.dxc3 
h6 9.Nc2 b6 10.Ne3 Bb7 11.Nd5 Ne5 12.Bf4 Bxd5 13.cxd5 Ng6 14.Be3 Re8 15.c4
d6 16.Qc2 Ne5 17.Bd4 a5 18.b3 Qd7 19.h3 Re7 20.a3 a4 21.b4 b5 22.Bxe5 Rxe5
23.e3 bxc4 24.Qxc4 Nxd5 25.Bxe4 Nb6 26.Qd4 Rae8 27.Bg2 d5 28.Rfc1 R5e6 29.
Rc5 Rd6 30.Rac1 c6 31.R5c3 Na8 32.h4 Nc7 33.Qb6 Na8 34.Qa5 Nc7 35.Qxa4 Ra8
36.Qc2 Nb5 37.Rxc6 Nxa3 38.Rxd6 Qxd6 39.Qc5 Rd8 40.Rd1 Qxc5 41.bxc5 Rc8 
42.Rxd5 Nb5 43.c6 1-0

[Event "13th Capablanca Memorial"]
[Site "Cienfuegos CUB"]
[Date "1976.05.22"]
[Round "6"]
[White "Bellon Lopez, Juan Manuel"]
[Black "Hedman Senarega, Jose Antonio"]
[Result "1-0"]
[WhiteElo "2475"]
[BlackElo "2375"]
[EventDate "1976.05.17"]
[PlyCount "89"]

1.e4 e5 2.Nf3 Nc6 3.Nc3 d6 4.d4 Bg4 5.Bb5 exd4 6.Qxd4 a6 7.Bxc6+ bxc6 8.
Qd3 Nf6 9.h3 Be6 10.O-O Be7 11.Ng5 O-O 12.Ne2 Bd7 13.c4 Re8 14.Nc3 Bf8 15.
Bd2 g6 16.Rae1 h6 17.Nf3 Bg7 18.Nd4 Qb8 19.f4 Qa7 20.Be3 c5 21.Nb3 Qb7 22.
Bf2 a5 23.g4 a4 24.Nd2 Bc6 25.Re2 Nd7 26.Nd1 Re7 27.Bh4 f6 28.Rfe1 Rae8 
29.Nc3 Qa8 30.Bg3 Qb7 31.Kh2 Kh7 32.h4 Kh8 33.h5 gxh5 34.gxh5 Nf8 35.f5 
Nd7 36.Nf3 Nf8 37.Nh4 Qa8 38.Bf4 Qc8 39.Qd2 Qd8 40.Kh3 Kg8 41.Rg1 Kh7 42.
Re3 Bxe4 43.Nxe4 Rxe4 44.Rxe4 Rxe4 45.Rxg7+ 1-0

[Event "13th Capablanca Memorial"]
[Site "Cienfuegos CUB"]
[Date "1976.05.22"]
[Round "6"]
[White "Kozma, Julius"]
[Black "Garcia Gonzales, Guillermo"]
[Result "1/2-1/2"]
[WhiteElo "2375"]
[BlackElo "2475"]
[EventDate "1976.05.17"]
[PlyCount "38"]

1.Nf3 Nf6 2.c4 c5 3.Nc3 Nc6 4.e3 e6 5.d4 d5 6.a3 cxd4 7.exd4 Be7 8.Bd3 O-O
9.O-O dxc4 10.Bxc4 Qd6 11.Qd3 Rd8 12.Rd1 Na5 13.Ba2 Bd7 14.b4 Nc6 15.Bg5 
Be8 16.d5 exd5 17.Nxd5 Nxd5 18.Bxd5 h6 19.Bxe7 Qxe7 1/2-1/2

[Event "13th Capablanca Memorial"]
[Site "Cienfuegos CUB"]
[Date "1976.05.23"]
[Round "7"]
[White "Hedman Senarega, Jose Antonio"]
[Black "Sigurjonsson, Gudmundur"]
[Result "0-1"]
[WhiteElo "2375"]
[BlackElo "2530"]
[EventDate "1976.05.17"]
[PlyCount "74"]

1.d4 Nf6 2.c4 g6 3.Nc3 Bg7 4.e4 d6 5.f3 O-O 6.Bg5 c5 7.d5 e6 8.Qd2 exd5 9.
Nxd5 Be6 10.Nxf6+ Bxf6 11.Bxf6 Qxf6 12.Bd3 Nc6 13.Ne2 Ne5 14.Rc1 Nxd3+ 15.
Qxd3 Qxb2 16.O-O Qxa2 17.Nf4 Qa6 18.Qc3 Rfe8 19.h4 Qb6 20.Rfd1 Qd8 21.g3 
Qe7 22.Rc2 Rac8 23.Rcd2 Rc6 24.Rg2 Qf8 25.g4 Qg7 26.Qb3 Rb6 27.Qa4 Ra8 28.
h5 Rb4 29.Qa5 Bxc4 30.Qc7 Qe5 31.Rxd6 Rb1+ 32.Kf2 Re8 33.h6 Rd1 34.Nd5 
Bxd5 35.Rd8 Qe6 36.Rxe8+ Qxe8 37.exd5 Qe1# 0-1

[Event "13th Capablanca Memorial"]
[Site "Cienfuegos CUB"]
[Date "1976.05.23"]
[Round "7"]
[White "Peev, Peicho"]
[Black "Bellon Lopez, Juan Manuel"]
[Result "1/2-1/2"]
[WhiteElo "2430"]
[BlackElo "2475"]
[EventDate "1976.05.17"]
[PlyCount "84"]

1.d4 Nf6 2.c4 c5 3.d5 b5 4.a4 bxc4 5.Nc3 Qa5 6.Bd2 Na6 7.e4 d6 8.Bxc4 Nb4 
9.Nge2 Ba6 10.Bxa6 Qxa6 11.O-O Qb7 12.Bg5 Ng4 13.Nc1 Ne5 14.Bf4 Nd7 15.Qe2
Rd8 16.Nb3 g6 17.e5 Nxd5 18.Qe4 e6 19.Nxd5 Qxd5 20.Qxd5 exd5 21.exd6 f6 
22.Rfd1 Rb8 23.Na5 g5 24.Bg3 d4 25.Nc6 Rxb2 26.h4 gxh4 27.Bf4 Bg7 28.Re1+ 
Ne5 29.Nxe5 fxe5 30.Bxe5 Bxe5 31.Rxe5+ Kd7 32.Rxc5 Rf8 33.Rf1 Kxd6 34.Rh5 
Rf7 35.Rxh4 Rb4 36.a5 Rd7 37.Rh5 Rc4 38.Rd1 Kc6 39.Kf1 Rc5 40.Rxc5+ Kxc5 
41.Ke2 Kb5 42.Ra1 Kc5 1/2-1/2

[Event "13th Capablanca Memorial"]
[Site "Cienfuegos CUB"]
[Date "1976.05.23"]
[Round "7"]
[White "Lebredo Zarragoitia, Gerardo"]
[Black "Razuvaev, Yury"]
[Result "0-1"]
[WhiteElo "2355"]
[BlackElo "2495"]
[EventDate "1976.05.17"]
[PlyCount "104"]

1.d4 Nf6 2.c4 e6 3.Nc3 Bb4 4.e3 O-O 5.Ne2 d5 6.a3 Be7 7.cxd5 Nxd5 8.Bd2 
Nd7 9.Ng3 N5f6 10.Be2 c5 11.dxc5 Nxc5 12.Qc2 a5 13.O-O a4 14.Rad1 Bd7 15.
e4 Qc7 16.f4 Bc6 17.Be3 Rac8 18.Bf3 Rfd8 19.Rxd8+ Rxd8 20.Rd1 Rxd1+ 21.
Qxd1 g6 22.e5 Nfd7 23.Bxc6 Qxc6 24.Qd4 Nb6 25.Nge2 Ncd7 26.Ne4 Nc4 27.Bc1 
h5 28.Kf1 b5 29.N2c3 Kg7 30.h3 h4 31.Ke2 Nc5 32.Kd1 Na5 33.Kc2 Nab3 34.Qe3
Na6 35.Kb1 Nac5 36.Kc2 Nxc1 37.Kxc1 Nb3+ 38.Kc2 Qc4 39.Qd3 Qc6 40.Kb1 Qb6 
41.Ne2 b4 42.axb4 Qxb4 43.N2c3 Qb6 44.Qd7 Qg1+ 45.Kc2 Qxg2+ 46.Kb1 Qf1+ 
47.Kc2 Bb4 48.Qxa4 Nd4+ 49.Kd2 Nf3+ 50.Ke3 Bxc3 51.bxc3 Ng1 52.Ng5 Nxh3 
0-1

[Event "13th Capablanca Memorial"]
[Site "Cienfuegos CUB"]
[Date "1976.05.24"]
[Round "8"]
[White "Honfi, Karoly"]
[Black "Hedman Senarega, Jose Antonio"]
[Result "1-0"]
[WhiteElo "2460"]
[BlackElo "2375"]
[EventDate "1976.05.17"]
[PlyCount "85"]

1.c4 Nf6 2.Nc3 g6 3.g3 c5 4.Bg2 Nc6 5.Nf3 Bg7 6.O-O O-O 7.d4 cxd4 8.Nxd4 
Nxd4 9.Qxd4 d6 10.Bg5 Be6 11.Qf4 a6 12.Rac1 Rb8 13.Rfd1 Qa5 14.Qd2 Rfe8 
15.b3 Kh8 16.Be3 Qh5 17.Ba7 Rbc8 18.Bd4 Rc7 19.Qe1 Kg8 20.Qf1 Rec8 21.Bb6 
Rd7 22.e4 Rc6 23.Bd4 Rd8 24.Nd5 Bxd5 25.exd5 Rcc8 26.Bb6 Re8 27.Bh3 Ra8 
28.b4 Ne4 29.Rd3 f5 30.Bg2 Nf6 31.Bf3 Qh6 32.Be3 g5 33.h4 Ne4 34.Bxe4 fxe4
35.hxg5 Qh5 36.Rd2 Rf8 37.Qe2 Rf3 38.Bf4 Qg6 39.c5 Rc8 40.Rc4 a5 41.Rxe4 
Rc3 42.Rxe7 Rc1+ 43.Kg2 1-0

[Event "13th Capablanca Memorial"]
[Site "Cienfuegos CUB"]
[Date "1976.05.25"]
[Round "9"]
[White "Vogt, Lothar"]
[Black "Rodriguez Cespedes, Amador"]
[Result "1-0"]
[WhiteElo "2480"]
[BlackElo "2405"]
[EventDate "1976.05.17"]
[PlyCount "49"]

1.Nf3 c5 2.e4 e6 3.d4 cxd4 4.Nxd4 Nf6 5.Nc3 d6 6.Be2 Be7 7.O-O O-O 8.f4 
Nc6 9.Be3 Bd7 10.Qe1 Nxd4 11.Bxd4 Bc6 12.Bd3 Nd7 13.Kh1 Qc7 14.Qg3 Bf6 15.
Bxf6 Nxf6 16.Qh4 e5 17.fxe5 dxe5 18.Rxf6 gxf6 19.Nd5 Bxd5 20.exd5 Rfe8 21.
Bf5 Kg7 22.Qxh7+ Kf8 23.Be6 Rad8 24.Rf1 f5 25.Qxf5 1-0

[Event "13th Capablanca Memorial"]
[Site "Cienfuegos CUB"]
[Date "1976.05.25"]
[Round "9"]
[White "Hedman Senarega, Jose Antonio"]
[Black "Kozma, Julius"]
[Result "1-0"]
[WhiteElo "2375"]
[BlackElo "2375"]
[EventDate "1976.05.17"]
[PlyCount "51"]

1.e4 c6 2.d4 d5 3.Nc3 dxe4 4.Nxe4 Nd7 5.Bc4 Ngf6 6.Ng5 e6 7.Qe2 Nb6 8.Bd3 
h6 9.N5f3 c5 10.dxc5 Bxc5 11.Ne5 Nbd7 12.Ngf3 Nxe5 13.Nxe5 O-O 14.O-O b6 
15.Bf4 Bb7 16.Rad1 Qe7 17.a3 Rfd8 18.Rd2 Bd4 19.c3 Bxe5 20.Bxe5 Nd7 21.Bd6
Qg5 22.f4 Qf6 23.Rfd1 Nc5 24.Bc2 g6 25.b4 Nd7 26.Bc7 1-0

[Event "13th Capablanca Memorial"]
[Site "Cienfuegos CUB"]
[Date "1976.05.25"]
[Round "9"]
[White "Gulko, Boris"]
[Black "Sigurjonsson, Gudmundur"]
[Result "1-0"]
[WhiteElo "2530"]
[BlackElo "2530"]
[EventDate "1976.05.17"]
[PlyCount "91"]

1.d4 Nf6 2.c4 g6 3.Nc3 Bg7 4.e4 d6 5.f3 O-O 6.Bg5 c5 7.d5 e6 8.Qd2 exd5 9.
Nxd5 Be6 10.Ne2 Bxd5 11.cxd5 Nbd7 12.Nc3 a6 13.a4 Re8 14.Be2 h6 15.Be3 Qe7
16.O-O Kh7 17.Rae1 Rab8 18.Kh1 Ng8 19.Bg1 Qd8 20.Bd3 Ne5 21.f4 Nxd3 22.
Qxd3 Nf6 23.e5 dxe5 24.fxe5 Ng4 25.e6 Rxe6 26.Rxe6 fxe6 27.Qh3 Ne5 28.Qxe6
Qc8 29.Qe7 Qd7 30.Bxc5 Re8 31.Qxd7 Nxd7 32.Bg1 Kg8 33.h3 Rc8 34.Re1 Kf7 
35.Ne4 Bf8 36.Rf1+ Kg8 37.Nf6+ Nxf6 38.Rxf6 Rc1 39.Kh2 Rd1 40.Rxg6+ Kf7 
41.Rb6 Rxd5 42.Rxb7+ Ke6 43.Kg3 Bd6+ 44.Kf3 a5 45.Be3 h5 46.Rb5 1-0

[Event "13th Capablanca Memorial"]
[Site "Cienfuegos CUB"]
[Date "1976.05.25"]
[Round "9"]
[White "Lebredo Zarragoitia, Gerardo"]
[Black "Sznapik, Aleksander"]
[Result "1/2-1/2"]
[WhiteElo "2355"]
[BlackElo "2390"]
[EventDate "1976.05.17"]
[PlyCount "100"]

1.b3 c5 2.Bb2 d5 3.e3 Nf6 4.Nf3 Nc6 5.Bb5 e6 6.O-O Bd6 7.c4 O-O 8.d4 a6 9.
Bxc6 bxc6 10.dxc5 Bxc5 11.Qc1 Bd6 12.Ba3 a5 13.Bxd6 Qxd6 14.Nbd2 e5 15.h3 
Re8 16.Qc3 Bf5 17.Rfc1 Ne4 18.Nxe4 Bxe4 19.Nd2 Bf5 20.cxd5 cxd5 21.Qc6 Qd8
22.Rc5 Rc8 23.Qb5 Rxc5 24.Qxc5 Qa8 25.Rc1 Rc8 26.Qa3 Rxc1+ 27.Qxc1 Qc8 28.
Qxc8+ Bxc8 29.f4 f6 30.fxe5 fxe5 31.Nf3 e4 32.Nd4 Bd7 33.Kf2 Kf7 34.a3 g5 
35.Kg3 Ke7 36.h4 h6 37.hxg5 hxg5 38.Kf2 Kd6 39.Ke2 Bb5+ 40.Kd2 Bd7 41.Kc3 
Bc8 42.Nc2 Bd7 43.Nd4 Bc8 44.b4 a4 45.Ne2 Ba6 46.Nd4 Bc8 47.Kd2 Bd7 48.Ne2
Be8 49.Kc3 Bb5 50.Nd4 Bd7 1/2-1/2

[Event "13th Capablanca Memorial"]
[Site "Cienfuegos CUB"]
[Date "1976.05.26"]
[Round "10"]
[White "Bellon Lopez, Juan Manuel"]
[Black "Lebredo Zarragoitia, Gerardo"]
[Result "1-0"]
[WhiteElo "2475"]
[BlackElo "2355"]
[EventDate "1976.05.17"]
[PlyCount "63"]

1.g3 g6 2.Bg2 Bg7 3.e4 c5 4.d3 Nc6 5.f4 d6 6.Nf3 Nf6 7.O-O O-O 8.c3 Rb8 9.
Nh4 Nd7 10.Nd2 Qc7 11.Ndf3 b5 12.d4 cxd4 13.cxd4 Qb6 14.Kh1 Nxd4 15.Be3 e5
16.f5 Bb7 17.Ng5 Nf6 18.fxg6 hxg6 19.Rxf6 Bxf6 20.Qg4 d5 21.Rf1 dxe4 22.
Nf5 gxf5 23.Rxf5 Bg7 24.Nxe4 f6 25.Qg6 Rf7 26.Rh5 Kf8 27.Rh7 f5 28.Nd6 
Bxg2+ 29.Kxg2 Qc6+ 30.Kh3 Re7 31.Bh6 Rbb7 32.Rh8# 1-0

[Event "13th Capablanca Memorial"]
[Site "Cienfuegos CUB"]
[Date "1976.05.26"]
[Round "10"]
[White "Honfi, Karoly"]
[Black "Gulko, Boris"]
[Result "0-1"]
[WhiteElo "2460"]
[BlackElo "2530"]
[EventDate "1976.05.17"]
[PlyCount "62"]

1.e4 e6 2.d4 d5 3.e5 c5 4.c3 Nc6 5.Nf3 Nge7 6.a3 a5 7.b3 Nf5 8.Be2 cxd4 9.
cxd4 Qb6 10.Bb2 Be7 11.h4 f6 12.g4 Nh6 13.Rg1 fxe5 14.dxe5 O-O 15.g5 Nf5 
16.Rg2 Bc5 17.Nbd2 Bd7 18.h5 Nh4 19.Rh2 Rf4 20.Rc1 Raf8 21.Qc2 Nxf3+ 22.
Nxf3 Be7 23.Qd3 Re4 24.Rc2 a4 25.bxa4 Na5 26.Bc1 Bxa4 27.Rb2 Qc6 28.Be3 
Nc4 29.Ra2 Nxe3 30.fxe3 Qc1+ 31.Kf2 Bxg5 0-1

[Event "13th Capablanca Memorial"]
[Site "Cienfuegos CUB"]
[Date "1976.05.26"]
[Round "10"]
[White "Kozma, Julius"]
[Black "Peev, Peicho"]
[Result "1/2-1/2"]
[WhiteElo "2375"]
[BlackElo "2430"]
[EventDate "1976.05.17"]
[PlyCount "83"]

1.Nf3 g6 2.d4 Nf6 3.c4 c5 4.Nc3 Bg7 5.e4 O-O 6.Be2 d6 7.O-O cxd4 8.Nxd4 a6
9.Be3 Nbd7 10.Qd2 Nc5 11.f3 Bd7 12.Rac1 Ne6 13.Rfd1 Rb8 14.Nb3 b6 15.f4 
Bc6 16.Bf3 Nd7 17.Nd5 Ba4 18.Re1 Bxb3 19.axb3 Ndc5 20.Qd1 Bxb2 21.Rb1 Bg7 
22.f5 Nc7 23.Nf4 Nd7 24.g4 b5 25.cxb5 Nxb5 26.Rc1 Ne5 27.Be2 Qd7 28.Bc4 
Nxc4 29.bxc4 Nc3 30.Qd3 Na2 31.Rb1 Nb4 32.Qe2 e6 33.Red1 a5 34.c5 d5 35.
exd5 exd5 36.Rxb4 axb4 37.Nxd5 b3 38.f6 b2 39.fxg7 Kxg7 40.Bd4+ f6 41.Nc3 
b1=Q 42.Nxb1 1/2-1/2

[Event "13th Capablanca Memorial"]
[Site "Cienfuegos CUB"]
[Date "1976.05.26"]
[Round "10"]
[White "Rodriguez Cespedes, Amador"]
[Black "Hedman Senarega, Jose Antonio"]
[Result "1-0"]
[WhiteElo "2405"]
[BlackElo "2375"]
[EventDate "1976.05.17"]
[PlyCount "73"]

1.e4 c6 2.d4 d5 3.Nc3 dxe4 4.Nxe4 Nd7 5.Bc4 Ngf6 6.Ng5 e6 7.Qe2 Nb6 8.Bd3 
h6 9.N5f3 c5 10.dxc5 Bxc5 11.Ne5 Nbd7 12.Ngf3 Nxe5 13.Nxe5 O-O 14.Bd2 Qd5 
15.O-O-O Bd4 16.Bc3 Qxe5 17.Bxd4 Qxe2 18.Bxe2 a6 19.Bf3 Nd7 20.Rhe1 Rb8 
21.Re3 Re8 22.Bc3 e5 23.Bg4 Nf6 24.Bxc8 Rbxc8 25.Rxe5 Rxe5 26.Bxe5 Re8 27.
Bxf6 gxf6 28.Rd3 Re2 29.Rf3 Kg7 30.Kd1 Re5 31.a4 f5 32.Rb3 Ra5 33.Rb4 Kf6 
34.c4 Ke5 35.b3 Kd4 36.Kd2 b5 37.cxb5+ 1-0